000 00891nam a22002537a 4500
999 _c21356
_d21356
003 AR-CdUCM
008 190515b ||||| |||| 00| 0 spa d
040 _aMUNICIPALIDAD PROVINCIAL DEL CUSCO
_cBIBLIOTECA MUNICIPAL DEL CUSCO
082 _a731.8/F89
_bF89
100 _aFuentes Pastor, Hélard
_944505
245 _aTiempo y memoria monumentos busto en Arequipa /
260 _aArequipa ;
_bSIJA,
_c2018.
300 _a196 Páginas. :
_bilustraciones,
_c20 cm.
505 _aContenido : Monumentos y espacio público -- Evolución del ornato y espacio público -- Monumento busto y espacio público ...
650 _aArquitectura
_93356
650 _aOrnamentación
_95872
650 _aMonumentos
_924588
650 _aEspacios urbanos
_944535
650 _aBustos
_944536
650 _aEsculturas
_913595
650 _aArequipa Perú
_97078
942 _2ddc
_cLIBROS
945 _aRoel